• 首页
  • 本馆介绍
  • 公告通知
  • 最新文献
  • 馆藏检索
  • 电子资源
  • 读者导购
  • 参考咨询
  • 我的图书馆
  • 登录
  • 详细信息显示
  • 放入我的书架
  • 预约/预借图书
  • 作者相关作品
  • 分类相关作品
  • 丛书相关作品
  • 出版社相关作品

书目信息

  • 表格格式
  • 工作单格式
  • 卡片格式
题名:
丁汝昌集
    
 
作者: ;戚俊杰 , 王记华 编校
分册:  
出版信息: 济南   山东大学出版社  1997.08
页数: 378页
开本: 32开
丛书名:
单 册:
中图分类: K252.06
科图分类:
主题词: 中国--历史--1840~1949
电子资源:
ISBN: 7-5607-1820-5
000 00623nam0 2200205 45
001 0106080951
005 20031219104050.3
010    @a7-5607-1820-5@dCNY18.50
100    @a20010608d1997 km y0chiy0120 ea
101 0  @achi
105    @aca z 000yy
200 1  @a丁汝昌集@ADing Ru Chang Ji@f戚俊杰,王记华编校@FQi Jun Jie,Wang Ji Hua Bian Xiao
210    @a济南@c山东大学出版社@d1997.08
215    @a378页@c肖像,图@d32开
606 0  @a中国@x历史@z1840~1949
690    @aK252.06@v4
702  0 @a戚俊杰@4编校
702  0 @a王记华@4编校@AWang Ji Hua
801    @aCN@bTSTC@c20010608
905    @f3@b298153-155@dK252.06@e16
    
    丁汝昌集/戚俊杰,王记华编校.-济南:山东大学出版社,1997.08
    378页:肖像,图;32开
    
    
    ISBN 7-5607-1820-5:CNY18.50
    
●
相关链接 在E读中查询图书 在五车中查询图书 在当当中查询图书 在豆瓣中查询图书


正题名:丁汝昌集     索取号:K252.06/16         预约/预借

序号 登录号 条形码 馆藏地/架位号 状态 备注
1 0298153   202981531   第二借阅区/ [索取号:K252.06/16] 在馆    
2 0298154   202981540   第二借阅区/ [索取号:K252.06/16] 在馆    
3 0298155   202981559   第二样本阅览室/ [索取号:K252.06/16] 在馆    
唐山师范学院图书馆 欢迎您!
大连网信软件有限公司© 版权所有